Missing Word: Jeremy Renner Quiz Stats

Quiz Updated May 2, 2015

Challenge
Share
Tweet
Embed
Score 0/14 Timer 01:30
0 Plays Today
Movie Answer % Correct
The ____ LockerHurt
97.9%
The ______ LegacyBourne
90.2%
Mission: Impossible - _____ ProtocolGhost
70.5%
28 _____ LaterWeeks
70.1%
Hansel and Gretel: _____ HuntersWitch
62.8%
National ________ Senior TripLampoon's
58.9%
Avengers: Age of ____Ultron
57.1%
Movie Answer % Correct
American _____Hustle
37.1%
Kill the ____Messenger
30.7%
The ______ is Deceitful Above All ThingsHeart
17.4%
Love ______ to the ExecutionerComes
15.6%
A Little ____ to HeavenTrip
13.9%
North _______Country
9.7%
Twelve and ______Holding
3.9%

Today's Daily Dose

Word Ladder
KISS Hit

On This Day
January 22nd

You're not logged in!

Compare scores with friends on all Sporcle quizzes.
Sign Up with Email
OR
Log In

You Might Also Like...

Show Comments

Extras

Top Quizzes Today


Score Distribution

Your Account Isn't Verified!

In order to create a playlist on Sporcle, you need to verify the email address you used during registration. Go to your Sporcle Settings to finish the process.